[Event "Benidorm op-A"]
[Site "Benidorm"]
[Date "2022.12.11"]
[Round "9"]
[White "Achuthan, Dylan"]
[Black "Plaskett, H James"]
[Result "0-1"]
[WhiteElo "2081"]
[BlackElo "2365"]
[PlyCount "126"]
[EventDate "2022.12.03"]
[EventType "swiss"]
[EventRounds "9"]
[EventCountry "ESP"]
[SourceTitle "CBM 211 Extra"]
[Source "ChessBase"]
[SourceDate "2023.01.31"]
[SourceVersion "1"]
[SourceVersionDate "2023.01.31"]
[SourceQuality "1"]

1. e4 d6 2. d4 g6 3. Nc3 Bg7 4. Nf3 Nf6 5. Be2 0-0 6. 0-0 Bg4 7. Be3 Nc6 8. d5 Bxf3 9. Bxf3 Ne5 10. Be2 c6 11. f4 Ned7 12. Bf3 Nb6 13. Bd4 Qc7 14. g4 e5 15. dxe6 fxe6 16. g5 Ne8 17. Bg4 Bxd4+ 18. Qxd4 Ng7 19. Rad1 Rad8 20. a4 Rxf4 21. Rxf4 e5 22. Qd3 exf4 23. a5 Na8 24. Qc4+ Kh8 25. Qd4 Kg8 26. Qc4+ Qf7 27. Qxf7+ Kxf7 28. Rf1 Ne6 29. Bxe6+ Kxe6 30. Rxf4 Nc7 31. Rf6+ Ke7 32. h4 Ne6 33. Kf2 Nd4 34. h5 Rg8 35. hxg6 Rxg6 36. Rxg6 hxg6 37. Ne2 Nxc2 38. Kf3 Kf7 39. Kf4 a6 40. Nc3 Nd4 41. Na4 Nb3 42. e5 d5 43. Nb6 Ke6 44. Na4 c5 45. Nb6 Nxa5 46. Na8 d4 47. Nc7+ Kd7 48. Nd5 Ke6 49. Nc7+ Kd7 50. Nd5 Nc6 51. Ke4 c4 52. Nf4 c3 53. bxc3 dxc3 54. e6+ Kd6 55. Kd3 Ne7 56. Kxc3 b6 57. Kd4 a5 58. Kc4 Ke5 59. Nd3+ Kxe6 60. Kb5 Nc8 61. Kc6 Kf5 62. Kc7 Ke4 63. Nb2 b5 0-1

[Event "Benidorm op-A"]
[Site "Benidorm"]
[Date "2022.12.10"]
[Round "8"]
[White "Plaskett, H James"]
[Black "Unciti Juan, Javier"]
[Result "1-0"]
[WhiteElo "2365"]
[BlackElo "1999"]
[PlyCount "67"]
[EventDate "2022.12.03"]
[EventType "swiss"]
[EventRounds "9"]
[EventCountry "ESP"]
[SourceTitle "CBM 211 Extra"]
[Source "ChessBase"]
[SourceDate "2023.01.31"]
[SourceVersion "1"]
[SourceVersionDate "2023.01.31"]
[SourceQuality "1"]

1. e4 e6 2. d4 d5 3. Nd2 Nf6 4. Bd3 c5 5. e5 Nfd7 6. c3 Nc6 7. Ngf3 f6 8. 0-0 fxe5 9. Nxe5 Ndxe5 10. dxe5 Nxe5 11. Qh5+ Nf7 12. Re1 a6 13. c4 d4 14. f4 g6 15. Qg4 Be7 16. Nf3 Kf8 17. h4 Nh6 18. Qh3 e5 19. Qg3 Bf5 20. fxe5 Bxd3 21. Bxh6+ Ke8 22. b3 Bf5 23. Rad1 Be6 24. Bg7 Rg8 25. Bf6 Qd7 26. Ng5 h6 27. Ne4 b6 28. b4 Qc6 29. bxc5 bxc5 30. Qa3 Rc8 31. Rxd4 g5 32. Rd6 Qa8 33. Nxc5 Bxc4 34. Ne4 1-0

[Event "La Nucia op 3rd"]
[Site "La Nucia"]
[Date "2022.10.11"]
[Round "3"]
[White "Dimitrov, Radoslav"]
[Black "Plaskett, H James"]
[Result "1-0"]
[WhiteElo "2499"]
[BlackElo "2361"]
[PlyCount "55"]
[EventDate "2022.10.09"]
[EventType "swiss"]
[EventRounds "9"]
[EventCountry "ESP"]
[SourceTitle "CBM 210 Extra"]
[Source "ChessBase"]
[SourceDate "2022.11.30"]
[SourceVersion "1"]
[SourceVersionDate "2022.11.30"]
[SourceQuality "1"]

1. d4 e6 2. c4 b6 3. e4 Bb7 4. f3 Bb4+ 5. Bd2 Bxd2+ 6. Qxd2 Nh6 7. Nc3 f5 8. 0-0-0 0-0 9. e5 Nf7 10. f4 d6 11. exd6 Nxd6 12. Bd3 Qf6 13. Nge2 Na6 14. Rhg1 c5 15. d5 Nc7 16. g4 exd5 17. cxd5 fxg4 18. Rxg4 Bc8 19. Rg5 Bd7 20. Ng3 Nce8 21. Nh5 Qh6 22. Rdg1 Rf7 23. f5 Kf8 24. f6 Nxf6 25. Nxg7 Qh4 26. Ne6+ Bxe6 27. dxe6 Rb7 28. Rf1 1-0

[Event "Lorca op 10th"]
[Site "Lorca"]
[Date "2021.12.30"]
[Round "8"]
[White "Mohammad, Nubairshah Shaikh"]
[Black "Plaskett, H James"]
[Result "1/2-1/2"]
[WhiteElo "2429"]
[BlackElo "2372"]
[PlyCount "144"]
[EventDate "2021.12.26"]
[EventType "swiss"]
[EventRounds "9"]
[EventCountry "ESP"]
[SourceTitle "CBM 205 Extra"]
[Source "ChessBase"]
[SourceDate "2022.01.31"]
[SourceVersion "1"]
[SourceVersionDate "2022.01.31"]
[SourceQuality "1"]

1. Nf3 Nf6 2. g3 b6 3. Bg2 Bb7 4. 0-0 g6 5. c4 c5 6. d4 Bg7 7. Nc3 Ne4 8. Nxe4 Bxe4 9. d5 b5 10. cxb5 a6 11. Bh3 Bxf3 12. exf3 axb5 13. Re1 e6 14. dxe6 dxe6 15. Qb3 0-0 16. Qxb5 Ra5 17. Qb7 c4 18. Qe4 Qd5 19. Bf1 Rc8 20. a4 Na6 21. Qe2 Nc5 22. Qxc4 Qa8 23. Ra3 Nxa4 24. Qa2 Bf8 25. Bd2 Bxa3 26. Qxa3 Rd5 27. Bh6 Rh5 28. Be3 Rb8 29. Ra1 Nb6 30. Qd6 Qb7 31. Ba6 Rd5 32. Bxb7 Rxd6 33. Bf4 Nc4 34. Bxd6 Rxb7 35. Bc5 f6 36. b4 Nd2 37. Kg2 Nb3 38. Ra8+ Kf7 39. Rf8+ Kg7 40. Rc8 e5 41. Bd6 Kf7 42. g4 Ke6 43. Bf8 Nd4 44. h4 h5 45. Bc5 Nc2 46. Rc6+ Kf7 47. g5 fxg5 48. hxg5 Nxb4 49. Rf6+ Kg7 50. Bf8+ Kh7 51. Rd6 Rf7 52. Rd8 Nc6 53. Rc8 Nd4 54. Re8 Nxf3 55. Be7 Nh4+ 56. Kh3 Nf5 57. Bf6 Ng7 58. Rxe5 Rb7 59. Ra5 Kg8 60. Kg2 Kf7 61. Kf3 Nf5 62. Ra6 Ng7 63. Ke4 Ne6 64. Ra5 Nf8 65. Ra8 Nh7 66. Bd8 Rb4+ 67. Ke3 Rb3+ 68. Ke4 Rb4+ 69. Ke3 Rb3+ 70. Kf4 Rb4+ 71. Ke3 Rb3+ 72. Ke4 Rb4+ 1/2-1/2

[Event "La Nucia op"]
[Site "La Nucia"]
[Date "2021.10.08"]
[Round "3"]
[White "Iniyan, Panneerseluam"]
[Black "Plaskett, H James"]
[Result "1/2-1/2"]
[WhiteElo "2529"]
[BlackElo "2375"]
[PlyCount "61"]
[EventDate "2021.10.06"]
[EventType "swiss"]
[EventRounds "9"]
[EventCountry "ESP"]
[SourceTitle "CBM 204 Extra"]
[Source "ChessBase"]
[SourceDate "2021.11.30"]
[SourceVersion "1"]
[SourceVersionDate "2021.11.30"]
[SourceQuality "1"]

1. d4 Nf6 2. c4 e6 3. Nc3 Bb4 4. Qc2 c5 5. dxc5 Bxc5 6. Nf3 Qb6 7. e4 Ng4 8. h3 Bxf2+ 9. Ke2 Ne3 10. Qd3 Nxf1 11. Rxf1 Bc5 12. Na4 Qc7 13. Nxc5 Qxc5 14. Bf4 Nc6 15. Bd6 Qh5 16. b4 f6 17. b5 Nd8 18. g4 Qg6 19. g5 Nf7 20. gxf6 Nxd6 21. fxg7 Qg2+ 22. Ke3 Nxc4+ 23. Qxc4 Qxg7 24. e5 b6 25. Qe4 Rb8 26. Qh4 Bb7 27. Rg1 Qf8 28. Qh5+ Kd8 29. Qh4+ Ke8 30. Qh5+ Kd8 31. Qh4+ 1/2-1/2

[Event "La Nucia op"]
[Site "La Nucia"]
[Date "2021.10.08"]
[Round "4"]
[White "Plaskett, H James"]
[Black "Garriga Cazorla, Pere"]
[Result "1/2-1/2"]
[WhiteElo "2375"]
[BlackElo "2481"]
[PlyCount "103"]
[EventDate "2021.10.06"]
[EventType "swiss"]
[EventRounds "9"]
[EventCountry "ESP"]
[SourceTitle "CBM 204 Extra"]
[Source "ChessBase"]
[SourceDate "2021.11.30"]
[SourceVersion "1"]
[SourceVersionDate "2021.11.30"]
[SourceQuality "1"]

1. e4 c5 2. Nf3 Nc6 3. Bb5 g6 4. 0-0 Bg7 5. Re1 Nf6 6. c3 0-0 7. d4 a6 8. Bf1 d5 9. exd5 Qxd5 10. c4 Qd6 11. d5 Na5 12. Bd2 b6 13. Bc3 e6 14. dxe6 Qxd1 15. exf7+ Rxf7 16. Rxd1 Bg4 17. Nbd2 Nc6 18. Re1 Rd8 19. h3 Bc8 20. Ng5 Rfd7 21. Ndf3 Rd6 22. Ne5 Nxe5 23. Bxe5 Rd2 24. Bc3 R2d6 25. Re7 Nh5 26. g4 Bxc3 27. bxc3 Nf6 28. Bg2 R8d7 29. Re2 h5 30. Rae1 Bb7 31. gxh5 Bxg2 32. h6 Be4 33. Rxe4 Nxe4 34. Rxe4 Rd8 35. Re7 Rf8 36. Rg7+ Kh8 37. Rh7+ Kg8 38. Rg7+ Kh8 39. Nf7+ Rxf7 40. Rxf7 Rd3 41. Kg2 Rxc3 42. f4 Rxc4 43. Kg3 Rc1 44. Rf6 b5 45. Rxa6 c4 46. Rc6 b4 47. Rc7 c3 48. h7 Ra1 49. Kg4 Rg1+ 50. Kf3 Ra1 51. Kg4 Rg1+ 52. Kf3 1/2-1/2

[Event "Alicante Easter op 5th"]
[Site "Alicante"]
[Date "2021.04.04"]
[Round "9"]
[White "Plaskett, H James"]
[Black "Macias Pino, Diego"]
[Result "1/2-1/2"]
[WhiteElo "2382"]
[BlackElo "2274"]
[PlyCount "35"]
[EventDate "2021.03.31"]
[EventType "swiss"]
[EventRounds "9"]
[EventCountry "ESP"]
[SourceTitle "CBM 201 Extra"]
[Source "ChessBase"]
[SourceDate "2021.05.31"]
[SourceVersion "1"]
[SourceVersionDate "2021.05.31"]
[SourceQuality "1"]

1. e4 e5 2. Nf3 Nc6 3. Bb5 a6 4. Ba4 b5 5. Bb3 Na5 6. 0-0 d6 7. d4 exd4 8. Qxd4 Bb7 9. e5 Nxb3 10. axb3 dxe5 11. Qxe5+ Qe7 12. Qd4 Qf6 13. Re1+ Be7 14. Qg4 Qg6 15. Qh3 Bc8 16. Qg3 Qxg3 17. hxg3 Bb7 18. Nc3 1/2-1/2

[Event "WchT Seniors 50"]
[Site "Prague"]
[Date "2020.03.10"]
[Round "5.3"]
[White "Plaskett, H James"]
[Black "Petran, Peter"]
[Result "1-0"]
[WhiteElo "2401"]
[BlackElo "2268"]
[PlyCount "73"]
[EventDate "2020.03.06"]
[EventType "team-swiss"]
[EventRounds "7"]
[EventCountry "CZE"]
[SourceTitle "CBM 195 Extra"]
[Source "ChessBase"]
[SourceDate "2020.05.31"]
[SourceVersion "1"]
[SourceVersionDate "2020.05.31"]
[SourceQuality "1"]
[WhiteTeam "England 50"]
[BlackTeam "Slovakia 50"]
[WhiteTeamCountry "ENG"]
[BlackTeamCountry "SVK"]

1. e4 g6 2. Nc3 Bg7 3. f4 c6 4. d3 d5 5. Nf3 dxe4 6. dxe4 Qxd1+ 7. Nxd1 Nd7 8. Bc4 Nc5 9. Nf2 Be6 10. Bxe6 Nxe6 11. c3 Nf6 12. Be3 Nd7 13. 0-0-0 a5 14. e5 h5 15. Ne4 Bh6 16. g3 0-0-0 17. Rd3 Kc7 18. Rhd1 Nb8 19. c4 Rxd3 20. Rxd3 b6 21. c5 Nd7 22. cxb6+ Nxb6 23. Bxb6+ Kxb6 24. Rd7 Re8 25. a4 Nc5 26. Nxc5 Kxc5 27. Kc2 Kb6 28. Nd2 c5 29. Nc4+ Kc6 30. Ra7 Kd5 31. Kd3 Rb8 32. Ne3+ Kc6 33. Nc4 Bf8 34. Ra6+ Kd7 35. Rxa5 e6 36. Ra7+ Ke8 37. a5 1-0

[Event "Quart Poblet op 2nd Blitz"]
[Site "Quart de Poblet"]
[Date "2019.08.10"]
[Round "4.2"]
[White "Plaskett, H James"]
[Black "Castella Garcia, Fausto"]
[Result "1-0"]
[WhiteElo "2474"]
[BlackElo "2279"]
[PlyCount "63"]
[EventDate "2019.08.10"]
[EventType "swiss (blitz)"]
[EventRounds "9"]
[EventCountry "ESP"]
[SourceTitle "EXT 2024"]
[Source "ChessBase"]
[SourceDate "2023.10.10"]
[SourceVersion "1"]
[SourceVersionDate "2023.10.10"]
[SourceQuality "1"]

1. e4 c5 2. Nc3 Nc6 3. Bb5 Nd4 4. Nf3 Nxb5 5. Nxb5 d5 6. exd5 a6 7. Nc3 Nf6 8. 0-0 Nxd5 9. Qe2 e6 10. d3 Be7 11. Ne4 0-0 12. b3 b5 13. Bb2 Bb7 14. Rae1 Nf6 15. Neg5 Qd5 16. c4 Qf5 17. Ne4 Rad8 18. Ne5 Nd7 19. f4 Nxe5 20. fxe5 Qg6 21. Rf4 h5 22. Ref1 Bg5 23. Nxg5 Qxg5 24. Bc1 Qg6 25. Be3 Qxd3 26. Qf2 f5 27. exf6 Rxf6 28. Rxf6 gxf6 29. cxb5 axb5 30. Bxc5 Qg6 31. Qe2 e5 32. h3 1-0

[Event "WchT Seniors 50"]
[Site "Rhodes"]
[Date "2019.04.19"]
[Round "4.2"]
[White "Plaskett, H James"]
[Black "Thorhallsson, Throstur"]
[Result "1/2-1/2"]
[WhiteElo "2437"]
[BlackElo "2425"]
[PlyCount "69"]
[EventDate "2019.04.16"]
[EventType "team-swiss"]
[EventRounds "9"]
[EventCountry "GRE"]
[SourceTitle "CBM 190 Extra"]
[Source "ChessBase"]
[SourceDate "2019.07.15"]
[SourceVersion "1"]
[SourceVersionDate "2019.07.15"]
[SourceQuality "1"]
[WhiteTeam "England"]
[BlackTeam "Iceland"]
[WhiteTeamCountry "ENG"]
[BlackTeamCountry "ISL"]

1. c4 e6 2. d4 d5 3. Nc3 Nf6 4. Bf4 Be7 5. Nf3 0-0 6. e3 c6 7. c5 Nbd7 8. h3 Re8 9. b4 Bf8 10. Bd3 g6 11. 0-0 Nh5 12. Bh2 f5 13. Ne5 Nxe5 14. Bxe5 Bg7 15. Ne2 Bd7 16. a4 a6 17. Rb1 Rf8 18. Bd6 Rf7 19. b5 axb5 20. axb5 Qe8 21. bxc6 Bxc6 22. f4 Bf8 23. Bxf8 Qxf8 24. g4 fxg4 25. hxg4 Nf6 26. Ng3 Ra3 27. g5 Ne4 28. Bxe4 dxe4 29. Rb3 Qa8 30. Rxa3 Qxa3 31. Qc1 Qb3 32. Rf2 Rf8 33. Rb2 Qa3 34. Rc2 Qb3 35. Rb2 1/2-1/2

[Event "Lorca op 7th"]
[Site "Lorca"]
[Date "2018.12.29"]
[Round "7"]
[White "Plaskett, H James"]
[Black "Montanes Arribas, Adrian"]
[Result "0-1"]
[WhiteElo "2454"]
[BlackElo "2242"]
[PlyCount "37"]
[EventDate "2018.12.26"]
[EventType "swiss"]
[EventRounds "9"]
[EventCountry "ESP"]
[SourceTitle "CBM 188 Extra"]
[Source "ChessBase"]
[SourceDate "2019.02.26"]
[SourceVersion "1"]
[SourceVersionDate "2019.02.26"]
[SourceQuality "1"]

1. e4 c5 2. Nc3 d6 3. f4 g6 4. Nf3 Bg7 5. Bc4 Nc6 6. 0-0 Nf6 7. d3 0-0 8. Bb3 Rb8 9. a4 Bg4 10. Be3 Nd4 11. Bxd4 cxd4 12. Nb1 Bd7 13. Nbd2 Ng4 14. Nc4 b5 15. axb5 Bxb5 16. Nfd2 Ne3 17. Nxe3 dxe3 18. Nf3 Bxb2 19. Rb1 0-1

[Event "Lorca op 7th"]
[Site "Lorca"]
[Date "2018.12.28"]
[Round "4"]
[White "Kovacevic, Slobodan"]
[Black "Plaskett, H James"]
[Result "1/2-1/2"]
[WhiteElo "2245"]
[BlackElo "2454"]
[PlyCount "45"]
[EventDate "2018.12.26"]
[EventType "swiss"]
[EventRounds "9"]
[EventCountry "ESP"]
[SourceTitle "CBM 188 Extra"]
[Source "ChessBase"]
[SourceDate "2019.02.26"]
[SourceVersion "1"]
[SourceVersionDate "2019.02.26"]
[SourceQuality "1"]

1. d4 Nf6 2. Nf3 d5 3. Bf4 e6 4. Nbd2 c5 5. e3 Nc6 6. c3 Bd6 7. Bg3 0-0 8. Bd3 b6 9. Ne5 Bb7 10. f4 Ne8 11. 0-0 Ne7 12. Qg4 f5 13. Qh3 Nf6 14. Bh4 Qe8 15. Be2 Rc8 16. Ndf3 Ne4 17. Ng5 Nxg5 18. Bxg5 Rc7 19. a4 a5 20. Bb5 Qc8 21. Bxe7 Rxe7 22. Qf3 Bxe5 23. Be2 1/2-1/2

[Event "Lorca op 7th"]
[Site "Lorca"]
[Date "2018.12.27"]
[Round "3"]
[White "Plaskett, H James"]
[Black "Cuellar Montes, Alejandro"]
[Result "1-0"]
[WhiteElo "2454"]
[BlackElo "2064"]
[PlyCount "71"]
[EventDate "2018.12.26"]
[EventType "swiss"]
[EventRounds "9"]
[EventCountry "ESP"]
[SourceTitle "CBM 188 Extra"]
[Source "ChessBase"]
[SourceDate "2019.02.26"]
[SourceVersion "1"]
[SourceVersionDate "2019.02.26"]
[SourceQuality "1"]

1. e4 d6 2. Nc3 Nf6 3. d4 e5 4. Nge2 Nbd7 5. h3 Be7 6. g4 h6 7. Bg2 c6 8. a4 b6 9. Be3 Bb7 10. Ng3 g6 11. Qd2 Ng8 12. 0-0 a6 13. f4 Qc7 14. Qf2 exd4 15. Bxd4 Rh7 16. b4 a5 17. b5 c5 18. Be3 0-0-0 19. Rad1 Bf6 20. e5 dxe5 21. Bxb7+ Qxb7 22. Nge4 Be7 23. fxe5 Nxe5 24. Bf4 f6 25. Rxd8+ Kxd8 26. Bxe5 fxe5 27. Qg3 Qb8 28. Nd5 Ke8 29. Qf3 Qd8 30. Nxe7 Qxe7 31. Rd1 Qh4 32. Nd6+ Ke7 33. Qb7+ Ke6 34. Qd5+ Ke7 35. Qxe5+ Kf8 36. Rf1+ 1-0

[Event "Xativa Murta op 4th"]
[Site "Xativa"]
[Date "2018.07.20"]
[Round "7"]
[White "Plaskett, H James"]
[Black "Costa Grau, Adrian"]
[Result "1-0"]
[WhiteElo "2455"]
[BlackElo "1933"]
[PlyCount "71"]
[EventDate "2018.07.16"]
[EventType "swiss"]
[EventRounds "7"]
[EventCountry "ESP"]
[SourceTitle "CBM 185 Extra"]
[Source "ChessBase"]
[SourceDate "2018.07.29"]
[SourceVersion "1"]
[SourceVersionDate "2018.07.29"]
[SourceQuality "1"]

1. c4 e5 2. Nc3 d6 3. g3 g6 4. Bg2 Bg7 5. e3 Nf6 6. Nge2 0-0 7. 0-0 Nbd7 8. d3 c6 9. b4 a5 10. b5 c5 11. h3 h5 12. e4 Nh7 13. f4 h4 14. f5 hxg3 15. Nxg3 Qh4 16. Kh2 Bh6 17. Bxh6 Qxh6 18. Nd5 Ndf6 19. Qc1 Qxc1 20. Raxc1 Nxd5 21. exd5 gxf5 22. Nxf5 Bxf5 23. Rxf5 f6 24. Be4 Rf7 25. h4 Rg7 26. Rcf1 Rf8 27. R5f2 Rd8 28. Kh3 Kf8 29. Bxh7 Rxh7 30. Rxf6+ Ke7 31. Re6+ Kd7 32. Rff6 Kc7 33. b6+ Kxb6 34. Rxd6+ Rxd6 35. Rxd6+ Kc7 36. Rf6 1-0

[Event "Xativa Murta op 4th"]
[Site "Xativa"]
[Date "2018.07.18"]
[Round "4"]
[White "Galiana Fernandez, Adrian"]
[Black "Plaskett, H James"]
[Result "1-0"]
[WhiteElo "2167"]
[BlackElo "2455"]
[PlyCount "77"]
[EventDate "2018.07.16"]
[EventType "swiss"]
[EventRounds "7"]
[EventCountry "ESP"]
[SourceTitle "CBM 185 Extra"]
[Source "ChessBase"]
[SourceDate "2018.07.29"]
[SourceVersion "1"]
[SourceVersionDate "2018.07.29"]
[SourceQuality "1"]

1. e4 d6 2. d4 g6 3. Nf3 Bg7 4. c3 Nf6 5. Bd3 0-0 6. 0-0 Nc6 7. Re1 Nh5 8. Na3 e5 9. Bg5 f6 10. Be3 Kh8 11. Nc4 Qe7 12. a4 Nf4 13. Bxf4 exf4 14. b4 Bd7 15. Qb3 Rae8 16. b5 Nd8 17. a5 Nf7 18. b6 cxb6 19. axb6 a6 20. Na5 Bc8 21. Bc4 Ng5 22. Bd5 Nxf3+ 23. gxf3 Qd7 24. Rad1 Qh3 25. c4 Re7 26. Nxb7 Bxb7 27. Bxb7 Rxb7 28. c5 Qd7 29. e5 dxe5 30. d5 Rbb8 31. c6 Qd6 32. Rb1 Rfc8 33. Rec1 Bf8 34. c7 Rb7 35. Rc6 Qd7 36. Qc4 e4 37. Kh1 exf3 38. Qxf4 Rcxc7 39. Rxc7 1-0

[Event "WchT Seniors 50"]
[Site "Dresden"]
[Date "2018.07.10"]
[Round "4.1"]
[White "Ehlvest, Jaan"]
[Black "Plaskett, H James"]
[Result "1/2-1/2"]
[WhiteElo "2536"]
[BlackElo "2455"]
[PlyCount "125"]
[EventDate "2018.07.07"]
[EventType "team-swiss"]
[EventRounds "9"]
[EventCountry "GER"]
[SourceTitle "CBM 185 Extra"]
[Source "ChessBase"]
[SourceDate "2018.07.29"]
[SourceVersion "1"]
[SourceVersionDate "2018.07.29"]
[SourceQuality "1"]
[WhiteTeam "United States"]
[BlackTeam "England"]
[WhiteTeamCountry "USA"]
[BlackTeamCountry "ENG"]

1. Nf3 Nf6 2. c4 c5 3. Nc3 e6 4. e3 Nc6 5. d4 d5 6. a3 a6 7. dxc5 Bxc5 8. b4 Ba7 9. Bb2 0-0 10. Be2 Qe7 11. 0-0 dxc4 12. Bxc4 b5 13. Bd3 Bb7 14. Ne4 Nxe4 15. Bxe4 Rac8 16. Rc1 Rfd8 17. Qe2 h6 18. h3 Nb8 19. Rxc8 Rxc8 20. Bxb7 Qxb7 21. Rd1 Nc6 22. Nh4 Bb8 23. Qh5 Qe7 24. Nf3 e5 25. Qf5 Qe8 26. Rc1 f6 27. Nd2 Bd6 28. Ne4 Bf8 29. f4 Rd8 30. fxe5 Nxe5 31. Rc7 Qg6 32. Qxg6 Nxg6 33. Bd4 Ne7 34. Kf2 Nf5 35. Bc5 Re8 36. Bxf8 Kxf8 37. Nc5 Nxe3 38. Nxa6 Nd1+ 39. Kf1 h5 40. Nc5 h4 41. Rb7 Nc3 42. Kf2 Re7 43. Rb8+ Kf7 44. Rh8 Nd1+ 45. Kf1 Ne3+ 46. Kf2 Nf5 47. Rd8 Ra7 48. a4 bxa4 49. b5 Ra5 50. b6 Rxc5 51. b7 Rc2+ 52. Ke1 Rb2 53. b8Q Rxb8 54. Rxb8 a3 55. Kd2 Ne7 56. Rb7 Ke6 57. Ra7 g5 58. Rxa3 Nf5 59. Ke2 Kf7 60. Ra6 Kg6 61. Kd3 Ng7 62. Ke4 Nh5 63. Kf3 1/2-1/2

[Event "Lorca op 6th"]
[Site "Lorca"]
[Date "2017.12.29"]
[Round "6"]
[White "Plaskett, H James"]
[Black "Mingarro Carceller, Sergi"]
[Result "1-0"]
[WhiteElo "2455"]
[BlackElo "2323"]
[PlyCount "63"]
[EventDate "2017.12.26"]
[EventType "swiss"]
[EventRounds "9"]
[EventCountry "ESP"]
[SourceTitle "CBM 182 Extra"]
[Source "ChessBase"]
[SourceDate "2018.02.23"]
[SourceVersion "1"]
[SourceVersionDate "2018.02.23"]
[SourceQuality "1"]

1. c4 e6 2. Nc3 d5 3. d4 Bb4 4. e3 Nf6 5. Nf3 0-0 6. Bd3 dxc4 7. Bxc4 c5 8. 0-0 Nc6 9. Na4 cxd4 10. exd4 h6 11. a3 Bd6 12. Re1 b6 13. Nc3 Bb7 14. Qd3 Ne7 15. Ba2 Ned5 16. Ne5 Rc8 17. Qh3 Re8 18. Bd2 Bf8 19. Rad1 a6 20. Nxd5 Bxd5 21. Bb1 Bb7 22. Bf4 Qd5 23. Rd3 Red8 24. Rg3 Qxd4 25. Qxh6 Ne4 26. Bxe4 Qxe4 27. Rf1 Rd4 28. Ng4 Be7 29. Nf6+ Bxf6 30. Qxf6 Kf8 31. Rxg7 Rd7 32. Bd6+ 1-0

[Event "Xativa Murta op 3rd"]
[Site "Xativa"]
[Date "2017.07.21"]
[Round "7"]
[White "Cruz Lledo, Pablo"]
[Black "Plaskett, H James"]
[Result "1/2-1/2"]
[WhiteElo "2448"]
[BlackElo "2463"]
[PlyCount "102"]
[EventDate "2017.07.17"]
[EventType "swiss"]
[EventRounds "7"]
[EventCountry "ESP"]
[SourceTitle "CBM 179 Extra"]
[Source "ChessBase"]
[SourceDate "2017.08.23"]
[SourceVersion "1"]
[SourceVersionDate "2017.08.23"]
[SourceQuality "1"]

1. d4 e6 2. c4 f5 3. Nc3 Nf6 4. e3 b6 5. Bd3 Bb7 6. f3 g6 7. Nge2 Bg7 8. 0-0 0-0 9. e4 Nc6 10. e5 Nh5 11. f4 d6 12. Be3 dxe5 13. dxe5 g5 14. fxg5 Nxe5 15. Bc2 Nxc4 16. Qxd8 Raxd8 17. Bf2 Nxb2 18. Bb3 Rfe8 19. Nb5 Re7 20. Ned4 Bxd4 21. Bxd4 c6 22. Bxb2 cxb5 23. Rxf5 Bd5 24. Rf2 Rdd7 25. g4 Ng7 26. Rc1 Rc7 27. Rxc7 Rxc7 28. Ba3 Rc8 29. h4 a5 30. Bd6 Ne8 31. Be5 Bxb3 32. axb3 Rc5 33. Bd4 Rc1+ 34. Kg2 a4 35. bxa4 bxa4 36. Bxb6 Rc4 37. Kh3 Nd6 38. Rd2 Rc3+ 39. Kh2 Rc6 40. Bd4 Nc4 41. Re2 a3 42. h5 Rd6 43. Bc3 Rd3 44. Bb4 e5 45. Rc2 Rd4 46. Kh3 Kf7 47. Rf2+ Rf4 48. Rxf4+ exf4 49. Bxa3 Nxa3 50. Kg2 Nc4 51. Kf3 Ne5+ 1/2-1/2

[Event "Xativa Murta op 3rd"]
[Site "Xativa"]
[Date "2017.07.21"]
[Round "6"]
[White "Plaskett, H James"]
[Black "Nieves Cabanes, Jose Manuel"]
[Result "1-0"]
[WhiteElo "2463"]
[BlackElo "2277"]
[PlyCount "67"]
[EventDate "2017.07.17"]
[EventType "swiss"]
[EventRounds "7"]
[EventCountry "ESP"]
[SourceTitle "CBM 179 Extra"]
[Source "ChessBase"]
[SourceDate "2017.08.23"]
[SourceVersion "1"]
[SourceVersionDate "2017.08.23"]
[SourceQuality "1"]

1. c4 e5 2. e3 Nf6 3. Nc3 g6 4. Nf3 d6 5. d4 Nbd7 6. Be2 Bg7 7. 0-0 0-0 8. b4 Re8 9. a4 e4 10. Nd2 Nf8 11. b5 h5 12. a5 a6 13. bxa6 bxa6 14. Rb1 Bf5 15. Rb7 Ne6 16. Nd5 Ng4 17. Qe1 c5 18. dxc5 Nxc5 19. Rb6 Ne5 20. Ba3 Ned3 21. Bxd3 Nxd3 22. Qe2 Be5 23. f3 Qh4 24. f4 Bg4 25. g3 Qd8 26. Qg2 Bg7 27. Nxe4 Bh3 28. Qxh3 Rxe4 29. f5 Nc5 30. Bxc5 dxc5 31. fxg6 fxg6 32. Rxg6 Re5 33. Nf6+ Kh8 34. Nxh5 1-0